| 000 | 00314nam a2200109 4500 | ||
|---|---|---|---|
| 008 | 160630b xxu||||| |||| 00| 0 eng d | ||
| 100 |
_91590 _a Lal, B.N |
||
| 245 | _aNew Plan English Essays Letters & Stories. | ||
| 260 |
_aN.D _bArya _c2005 |
||
| 300 | _aNew Plan English Essays Letters & Stories. | ||
| 942 |
_2ddc _cBK |
||
| 999 |
_c1318 _d1318 |
||